000 00380 a2200169 4500
001 72894
020 _a8516019357
040 _cAnchieta - Colégio São Paulo
100 _aStienecker, David. L.
240 1 0 _aMultiplicação
_lpor
245 1 0 _aMultiplicação
300 _a32
362 0 _a1998
440 1 _aModerna
650 4 _aLiteratura infanto-juvenil
942 _cBK
999 _c72894
_d72894